00836nam a2200277Ia 4500008004100000020001900041100001800060245001800078245003900096245004800135260001500183260002000198260000900218300001600227300002100243300001100264650002300275650004000298650002700338650002500365650002500390650002500415700000800440999001900448952009100467160803s9999 xx 000 0 und d a978-0590447713 aMcGovern, Ann aShark lady :  btrue adventures of Eugenie Clark / cby Ann McGovern ; illustrated by Ruth Chew. aNew York : bScholastic Inc. c1978 a91 pages :  billustrations ;  c20 cm. aClark, Eugenie --  aIchthyologists -- United States --  aSharks -- Research --  xJuvenile literature. xJuvenile literature. xJuvenile literature. a750 c298807d298807 001040aSSISBbSSISBcLEXd2016-08-03l0pSC-733r2016-08-03 00:00:00w2016-08-03yBK